| 000 | 00457cam a2200181ua 4500 | ||
|---|---|---|---|
| 020 |
_a81-85680-28-0 _c780.00 |
||
| 041 |
_aeng _h |
||
| 082 |
_a660.284 26 _bBAL/SO |
||
| 100 | _aBala, B . | ||
| 245 |
_aSolar drying systems / _cB K Bala. _hTextual Documents |
||
| 250 |
_a1 / _b. |
||
| 260 |
_aUdaypur : _bAgro-tech publishing academy , _c1998. |
||
| 300 | _a320 ; . | ||
| 365 | _a780.00 | ||
| 504 | _a | ||
| 942 | _cBK | ||
| 999 |
_c11286 _d11286 |
||